• 首页
  • 本馆介绍
  • 公告通知
  • 最新文献
  • 馆藏检索
  • 电子资源
  • 读者导购
  • 参考咨询
  • 我的图书馆
  • 登录
  • 详细信息显示
  • 放入我的书架
  • 预约/预借图书
  • 作者相关作品
  • 分类相关作品
  • 丛书相关作品
  • 出版社相关作品

书目信息

  • 表格格式
  • 工作单格式
  • 卡片格式
题名:
英汉云计算·物联网·大数据简明词典
    
 
作者: 李明禄 主编
分册:  
出版信息: 上海   上海交通大学出版社  2021.1
页数: 143页
开本: 21cm
丛书名:
单 册:
中图分类: G202
科图分类:
主题词: 信息技术--对照词典--英文--汉文
电子资源:
ISBN: 978-7-313-22261-9
000 01358nam0 2200277 45
001 012001004207
005 20141014153606.0
010    @a978-7-313-22261-9@b精装@dCNY98.00
100    @a20210119d2021 em y0chiy0110 ea
101 0  @achi@aeng
102    @aCN@b310000
105    @ay z 000yy
106    @ar
200 1  @a英汉云计算·物联网·大数据简明词典@Aying han yun ji suan· wu lian wang· da shu ju jian ming ci dian@dA concise English-Chinese dictionary of cloud computing: iot: big data@f李明禄主编@zeng
210    @a上海@c上海交通大学出版社@d2021.1
215    @a143页@d21cm
300    @a英汉信息技术系列辞书
300    @a2013-2025年国家辞书编纂出版规划项目
300    @a并列题名:Concise English-Chinese dictionary of cloud computing: iot: big data
330    @a本词典主要收录了云计算、物联网和大数据技术及其产业的理论研究、开发应用、工程管理等方面的词条 5000 余条,所有词汇均按照英文字母顺序排列,对所有收录的词条进行了梳理、规范和审定。本词典可供云计算、物联网和大数据相关领域进行研究、开发和应用的人员、信息技术书刊编辑和文献译摘人员使用,也适合相关专业的大专院校师生参考。
510 1  @aConcise English-Chinese dictionary of cloud computing: iot: big data@zeng
606 0  @a信息技术@j对照词典@j英文@j汉文
690    @aG202@v5
701  0 @a李明禄@Ali ming lu@4主编
801    @aCN@bAHXH@c20210922
905    @b1329929-33@dG202@e1028@f5
    
    英汉云计算·物联网·大数据简明词典=A concise English-Chinese dictionary of cloud computing: iot: big data/李明禄主编.-上海:上海交通大学出版社,2021.1
    143页;21cm
    英汉信息技术系列辞书.-2013-2025年国家辞书编纂出版规划项目.-并列题名:Concise English-Chinese dictionary of cloud computing: iot: big data
    
    ISBN 978-7-313-22261-9(精装):CNY98.00
    本词典主要收录了云计算、物联网和大数据技术及其产业的理论研究、开发应用、工程管理等方面的词条 5000 余条,所有词汇均按照英文字母顺序排列,对所有收录的词条进行了梳理、规范和审定。本词典可供云计算、物联网和大数据相关领域进行研究、开发和应用的人员、信息技术书刊编辑和文献译摘人员使用,也适合相关专业的大专院校师生参考。
●
相关链接 在E读中查询图书 在五车中查询图书 在当当中查询图书 在豆瓣中查询图书


正题名:英汉云计算·物联网·大数据简明词典     索取号:G202/1028         预约/预借

序号 登录号 条形码 馆藏地/架位号 状态 备注
1 1329929   213299296   第一样本阅览室/ [索取号:G202/1028] 在馆    
2 1329930   213299303   教育系资料室/ [索取号:G202/1028] 在馆    
3 1329931   213299312   教育系资料室/ [索取号:G202/1028] 在馆    
4 1329932   213299321   第四借阅区/ [索取号:G202/1028] 在馆    
5 1329933   213299330   第四借阅区/ [索取号:G202/1028] 在馆    
唐山师范学院图书馆 欢迎您!
大连网信软件有限公司© 版权所有